000 01036nam a22002297a 4500
003 BPGM
008 260617s mx |||||r|||| 001 ||SPA||
020 _a968-845-226-2
040 _bspa
041 _aSPA
_hSPA
082 0 4 _2PRIMERA EDICIÓN
_a150 / T35
_bT35
100 _aTAMAYO, LUIS
245 _aDEL SÍNTOMA AL ACTO
260 _aQUERÉTARO, MÉXICO
_bUNIVERSIDAD AUTÓNOMA DE QUÉRETARO
_cSEPTIEMBRE 2001
300 _a97 PÁGINAS;
_c21.3 CM X 13 CM
336 _2rdacontent
_atexto
_btxt
337 _2rdamedia
_asin mediación
_bn
338 _2rdacarrier
_avolumen
_bnc
505 _aDEL SÍNTOMA AL ACTO, ES UN TEXTO ELABORADO POR EL DR. LUIS TAMAYO, A TRAVÉS DEL CUAL, NOS INVITA A LA REFLEXIÓN DE DOS CONCEPTOS QUE ADQUIEREN RELEVANCIA EN EL CONTEXTO PSICOANALÍTICO, POR MEDIO DE LA VINCULACIÓN QUE ESTABLECE CON LA PROPUESTA HEIDEGGERIANA DEL DASEIN Y DEL MITDSEIN, PRODUCIENDO, DE ESTA MANERA, UN MATERIAL QUE NOS ACERCA AL SÍNTOMA Y SU DESENLACE.
650 _aPSICOLOGÍA
_v150
_x100
_y50
_z0
942 _2ddc
_cCOLQ
999 _c68616
_d68616